Normal view
MARC view
- Muhammad Abdul Majeed Siddiqui
Entry Personal Name
001 - CONTROL NUMBER
- control field: 88366
003 - CONTROL NUMBER IDENTIFIER
- control field: NUST
005 - DATE AND TIME OF LATEST TRANSACTION
- control field: 20220113151340.0
008 - FIXED-LENGTH DATA ELEMENTS
- fixed length control field: 220113|| aca||aabn | a|a d
040 ## - CATALOGING SOURCE
- Original cataloging agency: NUST
- Transcribing agency: NUST
100 ## - HEADING--PERSONAL NAME
- Personal name: Muhammad Abdul Majeed Siddiqui
670 ## - SOURCE DATA FOUND
- Source citation: Work cat.: (NUST): Muhammad Abdul Majeed Siddiqui, Seerat-un-Nabi Bad Az Wisal-un-Nabi(vol:5), 2001.
